Tractatus logico-philosophicus

Uloženo v:
Podrobná bibliografie
Hlavní autor: Wittgenstein, Ludwig (Autor)
Médium: Kniha
Jazyk:španělština
Vydáno: Madrid Alianza 1979
Vydání:3a. ed
Edice:Alianza Universidad
Témata:
Tagy: Přidat tag
Žádné tagy, Buďte první, kdo vytvoří štítek k tomuto záznamu!

MARC

LEADER 00000nam a2200000 a 4500
001 UCZ2278
003 CL-VaPUC
005 20230929095137.0
008 950926e19790000SP |||||||||||||||||spa|d
999 |c 238914  |d 238912 
040 |c Pontificia Universidad Católica de Valparaíso 
082 0 4 |a 149.94  |b WIT   |2 21 
100 0 |a Wittgenstein, Ludwig  |e author  |9 257080 
245 1 0 |a Tractatus logico-philosophicus 
250 |a 3a. ed 
260 |a Madrid  |b Alianza  |c 1979 
300 |a 221 p 
490 0 |a Alianza Universidad 
583 |a last modification  |c 19950926 00:00:00  |k Rodrigo Vera 
600 0 |9 472472  |a Wittgenstein, Ludwig,   |d 1889-1951  |x Filosofía austriaca  
650 0 |a Filosofía del lenguaje  |9 257082  |x Aspectos matemáticos  
650 0 |a Lenguaje y lenguas  |9 265846  |x Proposiciones y aforismos   |x Lógica matemática  
942 |c BK  |2 ddc 
945 |d 19950926 00:00:00  |a lriquelm 
952 |0 0  |1 0  |4 0  |6 149_940000000000000_WIT_1979  |7 0  |8 A  |9 249517  |a BIBEDU  |b BIBEDU  |d 2019-11-18  |i 156692K  |l 6  |o 149.94 WIT 1979  |p 156692K  |r 2023-10-12  |s 2023-10-10  |w 2019-11-18  |y BK  |k FIL